000 00387nam a2200145Ia 4500
008 230917s9999||||xx |||||||||||||| ||und||
040 _e244285
_aMAIN
041 _aEnglish
082 _a822.09 K147C:D
100 _aChaliya, Deepika
245 0 _aDevelopment of self of women characters: A study of select plays of Girish Karnad
260 _c2012
300 _a66 p.
942 _cTH
999 _c127181
_d127181